Estadísticas para 5 Países con más Mcdonald's por Continente

Haz click aquí para intentar la prueba.

Estadísticas generales

  • Esta prueba ha sido intentada 107 veces
  • La puntuación promedio es 25 de 27

Estadísticas de respuestas

Continente#País% Correcto
América del Norte1,400Canadá
100%
América del Sur185Colombia
100%
Europa550España
100%
América del Norte13,515Estados Unidos
100%
Europa1,500Francia
100%
América del Norte402México
100%
América del Sur222Argentina
99%
América del Sur1,031Brasil
99%
Europa670Italia
99%
Asia2,900Japón
99%
Europa1,438Alemania
98%
Oceanía1,000Australia
98%
América del Sur91Chile
98%
Oceanía166Nueva Zelanda
98%
Asia3,500China
97%
Asia480India
95%
Europa1,300Reino Unido
95%
América del Sur133Venezuela
94%
África114Egipto
93%
África275Sudáfrica
93%
África58Marruecos
91%
Asia447Corea del Sur
89%
América del Norte57Panamá
89%
América del Norte95Guatemala
88%
Oceanía4Fiyi
78%
Asia700Filipinas
66%
África14Mauricio
25%

Distribución de puntuación

Porcentaje por número respondido

Porcentaje de gente con cada puntuación

Historial de tus puntuaciones

No has intentado esta prueba.